000 00512nam a2200193Ia 4500
005 20250326125642.0
008 250326s9999 xx 000 0 und d
037 _aTextbook
040 _aFMSL
_beng
_cFMSL
041 _aeng
_2eng
084 _aX:8M K21
_qFMSL
100 _aFries A C
_9738343
245 0 _aApplies secretarial practice
_cFries A C; Rowe M And Others
250 _a5
260 _aNY
_bNY, Gregg
_c1962
300 _a113p
942 _cTB
_hX:8M K21
999 _c1278960
_d1278960